[Event "POL Region-ch U13"]
[Site "Szczyrk"]
[Date "2012.10.21"]
[Round "8.5"]
[White "Lisnikowski, Lukasz"]
[Black "Komandera, Pawel"]
[Result "0-1"]
[WhiteElo "1339"]
[BlackElo "1334"]
[PlyCount "62"]
[EventDate "2012.10.14"]
[EventType "swiss"]
[EventRounds "9"]
[EventCountry "POL"]
[SourceTitle "EXT 2023"]
[Source "ChessBase"]
[SourceDate "2022.10.05"]
[SourceVersion "1"]
[SourceVersionDate "2022.10.05"]
[SourceQuality "1"]

1. d4 e6 2. c4 d5 3. Nf3 c6 4. Bd2 f5 5. e3 Nf6 6. Nc3 Bd6 7. c5 Bc7 8. g3 0-0 9. Bg2 Nbd7 10. 0-0 Ne4 11. b4 a6 12. a4 Ndf6 13. Ne5 Nxd2 14. Qxd2 Ne4 15. Nxe4 dxe4 16. f4 Bxe5 17. fxe5 Bd7 18. a5 g6 19. Qe2 Qg5 20. Rae1 Rf7 21. Rf4 Raf8 22. Ref1 Qe7 23. h4 Kg7 24. Bh1 Kg8 25. Qh2 Rg7 26. Qf2 g5 27. hxg5 Rxg5 28. Bxe4 Rf7 29. Bd3 Rxg3+ 30. Kh1 Rfg7 31. Bb1 Rh3+ 0-1